000 00285nam a22001217a 4500
008 180202b xxu||||| |||| 00| 0 eng d
041 _aeng
080 _a547
100 _a12
101 _aKIM
245 _aEquilibrium Concepts in Natural Water Systems
_cGould, R.F
942 _2udc
_cBK
999 _c41649
_d41649